| 000 | 00517cam a22001457a 4500 | ||
|---|---|---|---|
| 008 | 180718b2008 xxu||||| |||| 00| 0 eng d | ||
| 020 | _a9780199239900 | ||
| 082 | _aI5 G131s | ||
| 100 | _aGalavan, Robert, Murray, John and Markides, Costas | ||
| 245 |
_aStrategy , innovation, and change : challenge for management _cby Robert Galavan, John Murry and Costas Markides |
||
| 260 |
_aNew York _bOxford _c2008 |
||
| 300 | _a331p. | ||
| 650 | _aTechnological innovations -- Economic aspects | ||
| 650 | _aStrategic planning | ||
| 999 |
_c444798 _d444798 |
||